MATMAT - S2 - BOIS 2 - Statistiques

Statistiques générales
  • Ce quiz a été pris 5 fois
  • Le résultat moyen est 4 sur 30
Statistiques - réponses
Question Réponse % Correct
Quelle est la direction longitudinale dans le bois ? Parallèle aux fibres
100%
Le bois de peuplier peut atteindre un taux d’humidité allant jusqu’à : 200%
50%
À quel pourcentage d'humidité correspond la fin de la première phase de séchage ? 30%
50%
Quelle est l’humidité maximale recommandée pour utiliser le bois ? 30%
50%
L’eau libre est située : Dans les pores comme les trachéides
50%
Quelle est la formule du taux d’humidité du bois (w) ? (Masse humide − Masse anhydre) / Masse anhydre
50%
En flexion radiale, le bois : Subit un décollement des fibres
50%
La vitesse de carbonisation du bois est : 0,5–0,9 mm/min
0%
Le bois sec a une masse volumique d’environ : 15 kN/m³
0%
Quelle est la dilatation thermique longitudinale du bois ? 3–6 ×10⁻⁶
0%
En ossature bois, les montants doivent avoir au minimum : 38×138 mm
0%
La résistance en compression axiale du bois peut atteindre : 50 MPa
0%
L’anisotropie du bois est due : À sa structure d’éléments allongés
0%
Les poutres du système poteaux-poutres peuvent être en : BLC, BMA ou bois massif
0%
Un inconvénient des poteaux-poutres : Calculs de stabilité complexes
0%
Dans le système poteaux-poutres, les poteaux sont espacés : En multiples de 62,5 cm
0%
Un matériau pare-flamme : Est étanche aux flammes et gaz
0%
Le système poteaux-poutres permet : Grandes baies vitrées
0%
Quelle est une faiblesse du bois empilé ? Isolation complexe aux angles
0%
Quelle est la réaction au feu d’un bois brut non résineux de 15 mm ? M3
0%
Le bois empilé utilise : Madriers empilés
0%
Une faiblesse de l’ossature bois est : Mauvaise acoustique
0%
Un bois M0 est obtenu : Par enrobage
0%
Quelle affirmation est correcte concernant la masse volumique ? Plus elle est élevée, meilleures sont les propriétés mécaniques
0%
La structure Platform Frame se caractérise par : Poteaux interrompus à chaque étage
0%
Sous l’effet du feu, la couche carbonisée du bois : Protège le bois en réduisant λ
0%
Le bois est un bon isolant car : Sa conductivité thermique est < 0,04 W/m·K
0%
En traction radiale, le bois : Se rompt rapidement
0%
En cisaillement axial, le bois : Se rompt rapidement
0%
Le projet Media Cosmos de Toyo Ito illustre : Systèmes complexes
0%
Aucun quiz correspondant
Distribution des résultats
% des personnes avec chaque résultat
Percentile par nombre de réponses
Votre historique - résultats
Vous n’avez pas pris ce quiz